000 00592nam a2200205 a 4500
001 57487
003 BD-RjUL
005 20211209080523.0
008 161210s1970 mau | 000 0 eng d
035 _a(BD-RjUL)57611
040 _aDLC
_cDLC
_dDLC
_dBD-RjUL
_beng
041 _aeng
082 0 0 _a301.08
_bMIR 1970
_223
245 1 0 _aMirror of man :
_breadings in sociology and literature /
_cedited by Jane Dabaghian.
260 _aBoston :
_bLittle, Brown,
_cc1970.
300 _axxi, 567 p. ;
_c24 cm.
650 _aSociology.
_9170250
700 _aDabaghian, Jane
_9170713
942 _2ddc
_cBK
999 _c57487
_d57487